Avances en biotecnología ambiental: tratamiento de residuos líquidos y sólidos

Guardat en:
Dades bibliogràfiques
Autor principal: Chamy Maggi, Rolando (Autor)
Format: Llibre
Idioma:espanyol
Publicat: Valparaíso Ediciones Universitarias de Valparaíso 2008
Edició:3a. ed
Col·lecció:Ingeniería
Matèries:
Etiquetes: Afegir etiqueta
Sense etiquetes, Sigues el primer a etiquetar aquest registre!

MARC

LEADER 00000nam a2200000 a 4500
001 UCH1214
003 CL-VaPUC
008 090416e20080000CL |||||||||||||||||spa|d
020 |a 9561703416 
082 0 4 |a 628.162  |b CHA  |2 21 
100 0 |a Chamy Maggi, Rolando  |e author  |9 535610 
245 1 0 |a Avances en biotecnología ambiental: tratamiento de residuos líquidos y sólidos 
250 |a 3a. ed 
300 |a 255 p 
942 |c BK 
945 |d 20090416 00:00:00  |a rbrito 
260 |a Valparaíso  |b Ediciones Universitarias de Valparaíso  |c 2008 
650 0 |a Biotecnología   |9 259561 
650 7 |a TRATAMIENTOS DE RESIDUOS  |2 CL-VaPUC  |9 474925 
650 0 |a Protección del medio ambiente  |9 257626 
650 0 |a Residuos líquidos   |9 402832 
650 0 |a Residuos sólidos   |9 367336 
583 |a last modification  |c 20090416 00:00:00  |k Rodrigo Vera 
490 0 |a Ingeniería 
999 |c 333277  |d 333275 
952 |0 0  |1 0  |4 0  |6 628_162000000000000_CHA_2008  |7 0  |8 A  |9 421601  |a BIBMEC  |b BIBMEC  |d 2019-11-22  |i 4745906  |o 628.162 CHA 2008  |p 4745906  |r 2024-01-19  |w 2019-11-22  |y BK  |k MEC 
952 |0 0  |1 0  |4 0  |6 628_162000000000000_CHA_2008  |7 0  |8 A  |9 421602  |a BIBMEC  |b BIBMEC  |d 2019-11-22  |i 4745914  |o 628.162 CHA 2008  |p 4745914  |r 2024-01-19  |w 2019-11-22  |y BK  |k MEC